LEADER 02157nam0 22004693i 450 001 VAN00285553 005 20250327103719.139 017 70$2N$a9789819953257 100 $a20250127d2023 |0itac50 ba 101 $aeng 102 $aSG 105 $a|||| ||||| 181 $ai$b e 182 $ab 183 $acr 200 1 $aElectronic Band Structure Engineering and Ultrafast Dynamics of Dirac Semimetals$eDoctoral Thesis accepted by Tsinghua University, Beijing, China$fChanghua Bao 210 $aSingapore$cSpringer$cTsinghua University$d2023 215 $axiv, 81 p.$cill.$d24 cm 410 1$1001VAN00104193$12001 $aSpringer theses$erecognizing outstanding Ph.D. research$1210 $aBerlin$cSpringer$d2010- 606 $a78-XX$xOptics, electromagnetic theory [MSC 2020]$3VANC022356$2MF 606 $a81-XX$xQuantum theory [MSC 2020]$3VANC019967$2MF 606 $a92Exx$xChemistry [MSC 2020]$3VANC025596$2MF 610 $a3D Dirac semimetal$9KW:K 610 $a3D quantum materials$9KW:K 610 $aAngle-resolved photoemission spectroscopy$9KW:K 610 $aChiral Symmetry Breaking$9KW:K 610 $aKekulé-ordered graphene$9KW:K 610 $aLight-Matter Interaction$9KW:K 610 $aLight-induced topological phase transitions$9KW:K 610 $aTime- and angle-resolved photoemission spectroscopy$9KW:K 620 $aSG$dSingapore$3VANL000061 700 1$aBao$bChanghua$3VANV239482$01453178 712 $aSpringer $3VANV108073$4650 712 $aTsinghua university$3VANV114356$4650 801 $aIT$bSOL$c20250328$gRICA 856 4 $uhttps://doi.org/10.1007/978-981-99-5325-7$zE-book ? Accesso al full-text attraverso riconoscimento IP di Ateneo, proxy e/o Shibboleth 899 $aBIBLIOTECA DEL DIPARTIMENTO DI MATEMATICA E FISICA$1IT-CE0120$2VAN08 912 $fN 912 $aVAN00285553 950 $aBIBLIOTECA DEL DIPARTIMENTO DI MATEMATICA E FISICA$d08DLOAD e-Book 10411 $e08eMF10411 20250207 996 $aElectronic Band Structure Engineering and Ultrafast Dynamics of Dirac Semimetals$93655693 997 $aUNICAMPANIA LEADER 02161nam0 22004933i 450 001 VAN00284860 005 20250327094419.812 017 70$2N$a9783031251542 100 $a20250117d2023 |0itac50 ba 101 $aeng 102 $aCH 105 $a|||| ||||| 181 $ai$b e 182 $ab 183 $acr 200 1 $aDynamical System and Chaos$eAn Introduction with Applications$fRui Dilão 210 $aCham$cSpringer$d2023 215 $aix, 326 p.$cill.$d24 cm 410 1$1001VAN00100249$12001 $aUnitext for physics$1210 $aMilano [etc.]$cSpringer$d2014- 606 $a37-XX$xDynamical systems and ergodic theory [MSC 2020]$3VANC020363$2MF 606 $a37D45$xStrange attractors, chaotic dynamics of systems with hyperbolic behavior [MSC 2020]$3VANC021187$2MF 606 $a37Nxx$xApplications of dynamical systems [MSC 2020]$3VANC021401$2MF 606 $a70K55$xTransition to stochasticity (chaotic behavior) for nonlinear problems in mechanics [MSC 2020]$3VANC031514$2MF 610 $aApplications of dynamical systems$9KW:K 610 $aCelestial Mechanics$9KW:K 610 $aCentre Manifold$9KW:K 610 $aDynamical chaos theory$9KW:K 610 $aLinear Differential Equations$9KW:K 610 $aMathematica exercises dynamical systems$9KW:K 610 $aPendulum clocks$9KW:K 610 $aPoincare Maps$9KW:K 610 $aSingular perturbation theory$9KW:K 610 $aSynchronization equation$9KW:K 620 $aCH$dCham$3VANL001889 700 1$aDilão$bRui$3VANV238752$01169698 712 $aSpringer $3VANV108073$4650 801 $aIT$bSOL$c20250606$gRICA 856 4 $uhttps://doi.org/10.1007/978-3-031-25154-2$zE-book ? Accesso al full-text attraverso riconoscimento IP di Ateneo, proxy e/o Shibboleth 899 $aBIBLIOTECA DEL DIPARTIMENTO DI MATEMATICA E FISICA$1IT-CE0120$2VAN08 912 $fN 912 $aVAN00284860 950 $aBIBLIOTECA DEL DIPARTIMENTO DI MATEMATICA E FISICA$d08DLOAD e-Book 10283 $e08eMF10283 20250124 996 $aDynamical System and Chaos$93090678 997 $aUNICAMPANIA